| 000 | 00659nam a2200181 i 4500 | ||
|---|---|---|---|
| 001 | 183477 | ||
| 003 | ES-MaACL | ||
| 005 | 20230906221912.0 | ||
| 008 | 140626q19001925sp |||| | spa d | ||
| 100 | 1 |
_aPemberton, Max. _9154866 |
|
| 245 | 1 | 3 |
_aEl misterio del corazón verde _b: novela escrita en inglés / _cpor Max Pemberton autor de El pirata de hierro y La ciudad inexpugnable. |
| 260 |
_aMadrid : _b[s.n., _c19-?] |
||
| 300 |
_a130 p. ; _c26 cm. |
||
| 490 | 1 | _aBiblioteca de Alrededor del Mundo | |
| 830 | 0 |
_aBiblioteca de Alrededor del Mundo _9187712 |
|
| 852 |
_aES-MaACL _jG-6063(11) _z.- Encuadernado con otras obras |
||
| 999 |
_c183477 _d183477 |
||